000 00512nam a2200181 a 4500
001 1770285653117
003 YourLibrary
005 20260205153744.0
008 260205s2006##################000#0#eng##
020 _a9780324539271
082 0 4 _a333.330285MAY
100 1 _aMayfield, John D.,
_eauthor.
245 1 0 _a5 Minutes to Maximizing Real Estate Technology :
260 _bThomson South-Western,
_c2006.
650 0 _aReal estate business.
942 _cENGLISH
040 _aYourLibrary
_beng
_cYourLibrary
999 _c610497
_d610497